[Event "ESP-ch U14 rapid"]
[Site "Salobrena"]
[Date "2023.07.23"]
[Round "9"]
[White "Bethencourt Hernandez, Alberto"]
[Black "Montesinos Rodriguez, Carles"]
[Result "1/2-1/2"]
[WhiteElo "1676"]
[BlackElo "1468"]
[PlyCount "115"]
[EventDate "2023.07.22"]
[EventType "swiss (rapid)"]
[EventRounds "9"]
[EventCountry "ESP"]
[SourceTitle "EXT 2024"]
[Source "ChessBase"]
[SourceDate "2023.10.10"]
[SourceVersion "1"]
[SourceVersionDate "2023.10.10"]
[SourceQuality "1"]

1. e4 c5 2. Nf3 d6 3. Bb5+ Bd7 4. Bxd7+ Qxd7 5. 0-0 Nc6 6. Re1 Nf6 7. c3 g6 8. d4 cxd4 9. cxd4 Bg7 10. Nc3 0-0 11. Bf4 Rac8 12. Qe2 Nh5 13. Be3 e6 14. Rad1 a6 15. d5 exd5 16. Nxd5 Rce8 17. Bb6 f5 18. Qc4 Qf7 19. exf5 Rxe1+ 20. Rxe1 Kh8 21. fxg6 Qxg6 22. Kh1 Ne5 23. Nxe5 Bxe5 24. Qe4 Qxe4 25. Rxe4 Bxb2 26. Re7 Rc8 27. g4 Rc1+ 28. Kg2 Rd1 29. Ne3 Nf4+ 30. Kf3 Rb1 31. Rxb7 Be5 32. Nc4 Nd5 33. Nxe5 dxe5 34. Rb8+ Kg7 35. Ba7 Rxb8 36. Bxb8 e4+ 37. Kxe4 Nc3+ 38. Kd3 Nxa2 39. Bd6 Nc1+ 40. Kc2 Ne2 41. Kd3 Nc1+ 42. Ke4 Ne2 43. f4 Nc3+ 44. Kd3 Nb5 45. Be5+ Kf7 46. Kc4 Na3+ 47. Kb3 Nb5 48. Kb4 Na7 49. Ka5 Nc6+ 50. Kxa6 Nxe5 51. fxe5 Ke6 52. Kb5 Kxe5 53. Kc5 Kf4 54. h3 Kg3 55. Kd4 Kxh3 56. g5 Kg4 57. Ke3 Kxg5 58. Kf2 1/2-1/2

[Event "Alzira op 12th"]
[Site "Alzira"]
[Date "2022.12.28"]
[Round "3"]
[White "Bellota Ichaso, Josue"]
[Black "Montesinos Rodriguez, Carles"]
[Result "1-0"]
[WhiteElo "1605"]
[BlackElo "1372"]
[PlyCount "33"]
[EventDate "2022.12.27"]
[EventType "swiss"]
[EventRounds "8"]
[EventCountry "ESP"]
[SourceTitle "CBM 212 Extra"]
[Source "ChessBase"]
[SourceDate "2023.03.31"]
[SourceVersion "1"]
[SourceVersionDate "2023.03.31"]
[SourceQuality "1"]

1. e4 e5 2. Nf3 Nc6 3. d4 exd4 4. Nxd4 Bc5 5. Nxc6 Qf6 6. Qf3 Qxc6 7. Bd2 Nf6 8. Nc3 d6 9. Bb5 Qxb5 10. Nxb5 Bb6 11. h3 c6 12. Nxd6+ Kd7 13. Nxc8 Raxc8 14. 0-0-0 Rhe8 15. Bb4+ Kc7 16. Qf4+ Re5 17. Qxe5# 1-0

[Event "Alzira op 12th"]
[Site "Alzira"]
[Date "2022.12.28"]
[Round "4"]
[White "Montesinos Rodriguez, Carles"]
[Black "Sanchis, Fernand"]
[Result "0-1"]
[WhiteElo "1372"]
[BlackElo "1360"]
[PlyCount "72"]
[EventDate "2022.12.27"]
[EventType "swiss"]
[EventRounds "8"]
[EventCountry "ESP"]
[SourceTitle "CBM 212 Extra"]
[Source "ChessBase"]
[SourceDate "2023.03.31"]
[SourceVersion "1"]
[SourceVersionDate "2023.03.31"]
[SourceQuality "1"]

1. d4 d5 2. c4 e6 3. Nc3 Nf6 4. Nf3 Be7 5. Bf4 a6 6. cxd5 exd5 7. e3 0-0 8. h3 h6 9. Bd3 b5 10. 0-0 Bb7 11. Qc2 Nbd7 12. Ne2 c5 13. dxc5 Nxc5 14. Ned4 Nxd3 15. Qxd3 Ne4 16. Nd2 Bd6 17. Bxd6 Qxd6 18. Nxe4 dxe4 19. Qe2 Qd7 20. Rfd1 Qe7 21. Rac1 Qf6 22. Rc7 Rab8 23. Rdc1 Rfc8 24. Qc2 Rxc7 25. Qxc7 Rc8 26. Qxc8+ Bxc8 27. Rxc8+ Kh7 28. Rc6 Qe7 29. Rxa6 Qb4 30. b3 Qe1+ 31. Kh2 Qxf2 32. Nxb5 Qxe3 33. Na3 Qf4+ 34. Kg1 e3 35. Ra4 Qf2+ 36. Kh2 Qxa2 0-1